[Event "XX Open"]
[Site "Benidorm ESP"]
[Date "2007.04.23"]
[Round "2"]
[White "Komljenovic,D"]
[Black "De Anna,F SUI"]
[Result "0-1"]
[WhiteElo "2485"]
[BlackElo "2094"]

1.c4 e6 2.Nf3 d5 3.g3 Nf6 4.Bg2 c6 5.b3 Be7 6.O-O O-O 7.d4 b6 8.Bb2 Nbd7
9.Nc3 Bb7 10.Qc2 Rc8 11.Rfd1 Qc7 12.Rac1 Qb8 13.e4 dxe4 14.Nxe4 Nxe4 15.Qxe4 Nf6
16.Qe2 Rfe8 17.Ne5 c5 18.dxc5 Bxg2 19.Kxg2 bxc5 20.Nd7 Nxd7 21.Rxd7 Red8
22.Rcd1 Rxd7 23.Rxd7 Bf8 24.Qe5 Qa8+ 25.f3 Re8 26.Qh5 Rd8 27.Qxf7+  0-1

[Event "Icaro Open"]
[Site "Mexico City MEX"]
[Date "2007.04.28"]
[Round "4"]
[White "Perelshteyn,E"]
[Black "Huerta,Da"]
[Result "1-0"]
[WhiteElo "2531"]
[BlackElo "2338"]

1.c4 e6 2.Nf3 d5 3.d4 Nf6 4.Nc3 Bb4 5.e3 c5 6.a3 Bxc3+ 7.bxc3 O-O 8.Bd3 dxc4
9.Bxc4 Qc7 10.Ba2 Nc6 11.O-O e5 12.h3 b6 13.Bb2 Ba6 14.Re1 Rad8 15.Rc1 e4
16.Nd2 Rfe8 17.Bb1 Bc8 18.Qe2 Rd5 19.f4 exf3 20.Qxf3 Rg5 21.Qf4 Qxf4 22.exf4 Rd5
23.Rxe8+ Nxe8 24.Be4 Rd6 25.Nc4 Rf6 26.Re1 Bb7 27.d5 Nd8 28.Bf3 Kf8 29.Ne5 Rd6
30.c4 f6 31.Bh5 fxe5 32.fxe5 Rg6 33.Bxg6 hxg6 34.a4 Ba6 35.Re4 Bc8 36.Rf4+ Ke7
37.Bc3 Bd7 38.Be1 g5 39.Rf3 Bc8 40.Bd2 Nf7 41.e6 Nfd6 42.Bxg5+ Nf6 43.Rf4 Ba6
44.Bxf6+ gxf6 45.Rh4 Bxc4 46.Rh7+ Ke8 47.Rxa7 Bb3 48.Rd7 Nc8 49.Rc7 Kd8 50.Rd7+ Ke8
51.Rc7 Kd8 52.Rg7 c4 53.d6 Nxd6 54.Rd7+ Ke8 55.Rxd6 c3 56.Rxb6 Bxa4 57.Rb8+ Ke7
58.Rc8 c2 59.Kf2 Kxe6 60.Ke3 Kd5 61.Kd2 Kd4 62.h4 Ke5 63.h5 Bd7 64.Rg8  1-0

[Event "VI It"]
[Site "Sao Jose do Rio Preto ARG"]
[Date "2007.04.28"]
[Round "10"]
[White "Borges,L"]
[Black "Santos,Marcu"]
[Result "0-1"]
[WhiteElo "2225"]
[BlackElo "2401"]

1.c4 e6 2.Nf3 d5 3.g3 c5 4.cxd5 exd5 5.d4 Nc6 6.Bg2 Nf6 7.O-O Be7 8.Nc3 O-O
9.Bg5 cxd4 10.Nxd4 h6 11.Bf4 Bg4 12.h3 Bh5 13.Nf5 Bg6 14.Nxe7+ Qxe7 15.Nxd5 Nxd5
16.Qxd5 Rad8 17.Qc4 Nd4 18.Be3 b5 19.Qxd4 Rxd4 20.Bxd4 a6 21.e3 Be4 22.Rfc1 Bxg2
23.Kxg2 Qb7+ 24.Kg1 Rc8 25.Rxc8+ Qxc8 26.Bc3 Qxh3 27.a4 Qd7 28.axb5 axb5
29.Bd4 Qd5 30.Rc1 Kh7 31.Rc5 Qd7 32.Kg2 g5 33.f3 g4 34.fxg4 Qxg4 35.Rc7 Qe4+
36.Kf2 Kg6 37.Ra7 Qf5+ 38.Kg2 Kg5 39.Ra1 Qe4+ 40.Kh3 Qf5+ 41.Kh2 Qc2+ 42.Kh3 Qf2
43.Rc1 f5 44.Ra1 Qf3 45.Rg1 h5 46.Kh2 Kg4 47.Rg2 Qf1 48.Rd2 b4 49.Rg2 b3
50.Rd2 Qe1 51.Rg2 Kf3 52.Rg1 Qf2+ 53.Kh1 Qe2 54.Be5 Kg4 55.Rg2 Qc2 56.Kg1 Kf3  0-1

[Event "TCh-RUS HL"]
[Site "Sochi RUS"]
[Date "2007.05.04"]
[Round "2"]
[White "Filippov,Va"]
[Black "Kuzmin,Gen"]
[Result "1-0"]
[WhiteElo "2552"]
[BlackElo "2479"]

1.c4 e6 2.Nf3 d5 3.d4 Nf6 4.g3 dxc4 5.Bg2 Bb4+ 6.Bd2 a5 7.Qc2 Nc6 8.Qxc4 O-O
9.O-O h6 10.Rd1 Qd5 11.Qd3 Qh5 12.Nc3 Rd8 13.Qc4 Nd5 14.e4 Nf6 15.Re1 g5
16.h3 e5 17.d5 g4 18.hxg4  1-0

[Event "ch-UZB"]
[Site "Tashkent UZB"]
[Date "2007.05.11"]
[Round "1"]
[White "Gareev,T"]
[Black "Khamrakulov,D"]
[Result "0-1"]
[WhiteElo "2551"]
[BlackElo "2322"]

1.c4 e6 2.Nf3 d5 3.g3 Nf6 4.Bg2 Be7 5.O-O O-O 6.b3 c5 7.Bb2 Nc6 8.e3 b6 9.Qe2 Bb7
10.d3 Re8 11.Rd1 Qc7 12.Nc3 Rad8 13.Rac1 Qb8 14.Rd2 Bf8 15.Rcd1 d4 16.exd4 cxd4
17.Ne4 Nxe4 18.Qxe4 Nb4 19.Qh4 Be7 20.Qg4 f5 21.Qh5 g6 22.Qh6 Bf8 23.Qh4 Bxf3
24.Bxf3 Be7 25.Qh6 Bf8 26.Qh3 Nxa2 27.Bc6 Re7 28.Ba3 Rc7 29.Bxf8 Rxf8 30.Rxa2 Rxc6
31.Qg2 Rfc8 32.b4 R6c7 33.f4 Re7 34.Re1 Qd6 35.Qd2 Rcc7 36.Ra6 Qc6 37.Re5 Qb7
38.Ra1 Qf3 39.Rf1 Qc6 40.Rfe1 Kf7 41.Qe2 Qd6 42.Qb2 Rcd7 43.Kf2 h6 44.Qb3 Kf6
45.Qa4 Rc7 46.Qb3 g5 47.Qd1 g4 48.Qe2 h5 49.Qb2 Rcd7 50.Ke2 Qc6 51.Kd2 h4
52.R1e2 Qf3 53.R5e3 Qh1 54.gxh4 Qf1 55.Rg3 Qxf4+ 56.Ke1 Rh7 57.Rge3 Rhe7
58.Re4 fxe4 59.Rf2 e5 60.Qe2 exd3 61.Qxd3 Qxf2+ 62.Kxf2 e4 63.Qg3 e3+ 64.Ke1 d3
65.Qf4+ Ke6 66.Qe4+ Kf7 67.Qh7+ Kf6 68.Qh8+ Ke6 69.Qg8+ Ke5 70.Qxg4 Rg7  0-1

[Event "FSGM May"]
[Site "Budapest HUN"]
[Date "2007.05.14"]
[Round "11"]
[White "Illner,A"]
[Black "Koons,N"]
[Result "1/2-1/2"]
[WhiteElo "2339"]
[BlackElo "2289"]

1.c4 e6 2.Nf3 d5 3.b3 Nf6 4.g3 Be7 5.Bg2 O-O 6.O-O b6 7.d4 c6 8.Qc2 Nbd7
9.Rd1 Bb7 10.Nc3 Qc8 11.Bf4 Rd8 12.Rac1 Ba3 13.Rb1 Be7 14.e4 dxe4 15.Nxe4 c5
16.Nc3 cxd4 17.Rxd4 Qc5 18.Rbd1 Qh5 19.Qe2 Bb4 20.Ne5 Bxc3 21.Qxh5 Nxh5 22.Rxd7 Rxd7
23.Rxd7 Bxg2 24.Kxg2 g5 25.Rd3 Ba1 26.Rd1 Bc3 27.Rc1 Bb2 28.Rb1 Bc3 29.Rc1 Bb2
30.Rb1 Bc3 31.Rc1 Bb2 32.Rb1 Bc3  1/2-1/2

[Event "V Regina Helena Marques Prol"]
[Site "Santos BRA"]
[Date "2007.05.19"]
[Round "1"]
[White "Diaz,Nah"]
[Black "Limberg,E"]
[Result "1-0"]
[WhiteElo "2409"]
[BlackElo "2255"]

1.c4 e6 2.Nf3 d5 3.b3 c5 4.Bb2 d4 5.b4 b6 6.e3 dxe3 7.fxe3 cxb4 8.d4 Nf6
9.Bd3 Bb7 10.O-O Nbd7 11.Nbd2 Be7 12.Qe2 Qc7 13.e4 e5 14.Nxe5 Nxe5 15.dxe5 Nd7
16.e6 Qc5+ 17.Kh1 fxe6 18.Nb3 Qd6 19.e5 Qc7 20.Qh5+ g6 21.Bxg6+ Kd8 22.Bf7 Qxc4
23.Rac1 Qd4 24.Qh3 Nc5 25.Nxd4 Bg5 26.Rxc5 bxc5 27.Nxe6+  1-0

[Event "16th TCh-CRO"]
[Site "Sibenik CRO"]
[Date "2007.05.21"]
[Round "5"]
[White "Rukavina,J"]
[Black "Rosandic,D"]
[Result "1-0"]
[WhiteElo "2382"]
[BlackElo "2305"]

1.c4 e6 2.Nf3 d5 3.b3 Nf6 4.g3 Be7 5.Bg2 O-O 6.O-O b6 7.Bb2 Bb7 8.e3 c5 9.Nc3 Nbd7
10.Qe2 Rc8 11.Rfd1 Qc7 12.Rac1 Rfd8 13.d4 Qb8 14.cxd5 exd5 15.Bh3 cxd4 16.Nxd4 Bf8
17.Rc2 Re8 18.Rdc1 a6 19.Qd1 g6 20.Nce2 Rxc2 21.Rxc2 Ne5 22.Nf4 h5 23.Bg2 Bc5
24.Nf3 Neg4 25.Nd3 Be7 26.h3 Nh6 27.Be5 Qa8 28.Bd4 Qd8 29.Be5 Qa8 30.Nd4 Ne4
31.Bc7 Bd8 32.Bf4 Kh7 33.Qc1 Ng8 34.h4 Nh6 35.Ne5 Re7 36.Nec6 Bxc6 37.Rxc6 Qb7
38.Bxh6 Kxh6 39.Nf5+ Kh7 40.Nxe7 Qxe7 41.Bxe4 Qxe4 42.Qc2 Qf3 43.Qc3 Bxh4
44.gxh4  1-0

[Event "3rd UKR Games Men"]
[Site "Evpatoria UKR"]
[Date "2007.05.22"]
[Round "3"]
[White "Matjushin,G"]
[Black "Zubov,A UKR"]
[Result "1/2-1/2"]
[WhiteElo "2504"]
[BlackElo "2542"]

1.c4 e6 2.Nf3 d5 3.d4 c6 4.Qc2 Bd6 5.g3 f5 6.Bg2 Nf6 7.O-O O-O 8.b3 Qe7 9.a4 b6
10.Ba3 Bxa3 11.Nxa3 Bb7 12.Ne5 Rc8 13.Qb2 c5 14.e3 Nc6 15.Nxc6  1/2-1/2

[Event "1st WCh-Team Women"]
[Site "Ekaterinburg RUS"]
[Date "2007.05.27"]
[Round "7"]
[White "Nguyen Thi Thanh An"]
[Black "Gvetadze,Sopi"]
[Result "1/2-1/2"]
[WhiteElo "2284"]
[BlackElo "2411"]

1.c4 e6 2.Nf3 d5 3.g3 dxc4 4.Qa4+ c6 5.Qxc4 b5 6.Qc2 Bb7 7.Bg2 Nd7 8.O-O Rc8
9.Nc3 a6 10.d4 c5 11.d5 exd5 12.Nh4 Ngf6 13.Bg5 Qb6 14.e4 d4 15.Nd5 Bxd5
16.exd5 h6 17.Rfe1+ Kd8 18.Bd2 c4 19.Qf5 Bd6 20.Rac1 Rc7 21.Bh3 b4 22.Ng2 Rc5
23.Bf4 Rxd5 24.Qc2 Rc5 25.Qd2 Rc7 26.Rcd1 g5 27.Bxd6 Qxd6 28.Qxd4 Qxd4 29.Rxd4 Re8
30.Red1 Re2 31.Ne3 c3 32.bxc3 bxc3 33.a4 Rb2 34.Bf5 a5 35.Kg2 Ke8 36.Nc4 Rb4
37.Nd6+ Kf8 38.Bc2 Ne5 39.Nb5 Rc5 40.Rd8+ Kg7 41.Nd6 Rb2 42.Nf5+ Kg6 43.Ne3+  1/2-1/2

[Event "11th Master Open"]
[Site "Voronezh RUS"]
[Date "2007.06.12"]
[Round "1"]
[White "Okun,L"]
[Black "Savchenko,B"]
[Result "0-1"]
[WhiteElo "2370"]
[BlackElo "2583"]

1.c4 e6 2.Nf3 d5 3.g3 Nf6 4.Bg2 dxc4 5.Qa4+ Nbd7 6.O-O a6 7.Qxc4 b5 8.Qc2 Bb7
9.d3 Be7 10.Nc3 O-O 11.a4 b4 12.Nd1 c5 13.Ne3 Rc8 14.Nc4 Nb6 15.Rd1 Nfd7
16.e4 Nb8 17.Na5 Ba8 18.Be3 Bf6 19.Nb3 Bd4 20.Bxd4 cxd4 21.Qd2 Nc6 22.a5 Nd7
23.Nfxd4 Nxd4 24.Nxd4 Qe7 25.Rac1 Ne5 26.Nb3 f5 27.d4 Nd7 28.d5 Rxc1 29.Rxc1 fxe4
30.Bxe4 Bxd5 31.Bxd5 exd5 32.Qxd5+ Kh8 33.Nd4 Nf6 34.Qc5 Qf7 35.Ne6 Re8 36.Ng5 Qg6
37.Nh3 Qe4 38.Qc4 Qf5 39.Nf4 Qxa5 40.Qf7 Qe5 41.Rc7 Rg8 42.b3 Ne4 43.Qd7 Nd2
44.Kg2 Qe4+ 45.Kh3 Nf3 46.Rc8 h6 47.Rxg8+ Kxg8 48.Qc8+ Kh7 49.Qxa6 Ng1+ 50.Kg4 h5+
51.Kh4 Qf5  0-1

[Event "11th Master Open"]
[Site "Voronezh RUS"]
[Date "2007.06.13"]
[Round "2"]
[White "Mihajlovskij,S"]
[Black "Pogosian,G"]
[Result "1-0"]
[WhiteElo "2492"]
[BlackElo "2251"]

1.c4 e6 2.Nf3 d5 3.g3 c5 4.Bg2 Nc6 5.O-O Nf6 6.cxd5 Nxd5 7.d4 Be7 8.dxc5 Bxc5
9.Qc2 Qe7 10.Nbd2 Nf6 11.a3 a5 12.Nc4 O-O 13.Bf4 Nd5 14.Bd2 h6 15.Rac1 b6
16.e4 Nf6 17.Nxb6 Bxb6 18.Qxc6 Rb8 19.Bf4 Bd7 20.Qd6 Qxd6 21.Bxd6 Bb5 22.Rfe1 Ng4
23.Bc5 Rfd8 24.Bxb6 Rxb6 25.e5 h5 26.h3 Nh6 27.Red1 Rdb8 28.Nd4 Ba4 29.Rd2 Rxb2
30.Rxb2 Rxb2 31.Rc5 Rb1+ 32.Kh2 Rd1 33.Nf3 Rd3 34.Rc8+ Kh7 35.Ng5+ Kg6 36.Be4+  1-0

[Event "11th Master Open"]
[Site "Voronezh RUS"]
[Date "2007.06.20"]
[Round "8"]
[White "Neshkov,V"]
[Black "Kiselev,Vi2"]
[Result "0-1"]
[WhiteElo "2161"]
[BlackElo "2495"]

1.c4 e6 2.Nf3 d5 3.g3 Nf6 4.Bg2 Be7 5.O-O O-O 6.b3 a5 7.d3 a4 8.Ba3 Nbd7
9.b4 c5 10.b5 dxc4 11.dxc4 Ne4 12.Qc2 Bf6 13.Bb2 Bxb2 14.Qxb2 Nb6 15.Qc2 Nd6
16.Nbd2 f6 17.Rfd1 Qc7 18.a3 Bd7 19.Rac1 e5 20.e3 Bf5 21.Qc3 Be6 22.Bf1 e4
23.Nh4 g5 24.Ng2 Rad8 25.Qc2 f5 26.h4 h6 27.Qc3 Qg7 28.Qa5 Ndc8 29.Nb1 Rxd1
30.Rxd1 Bxc4 31.Bxc4+ Nxc4 32.Qe1 N8b6 33.Qe2 Ne5 34.Kh1 Qe7 35.Nc3 Rd8 36.Qc2 Rxd1+
37.Qxd1 Nd3 38.Kg1 Qe5 39.Qh5 Qf6 40.hxg5 hxg5 41.g4 Ne5 42.Qe8+ Kg7 43.Ne1 Nxg4
44.Qb8 Qxc3 45.Qxb7+ Kg6 46.Qc6+ Nf6 47.Kf1 Nd7 48.b6 Qxa3  0-1

[Event "XXV Balaton Open A"]
[Site "Balatonlelle HUN"]
[Date "2007.06.23"]
[Round "8"]
[White "Hardicsay,P"]
[Black "Horvath,P1"]
[Result "1/2-1/2"]
[WhiteElo "2328"]
[BlackElo "2465"]

1.c4 e6 2.Nf3 d5 3.g3 Nf6 4.Bg2 d4 5.d3 Nc6 6.O-O Be7 7.e3 e5 8.exd4 exd4
9.Na3 O-O 10.Nc2 a5 11.b3 Bc5 12.a3 Bf5 13.Rb1 Qd7 14.b4 axb4 15.axb4 Ba7
16.Bf4 Bg6 17.b5 Nd8 18.Ne5 Qc8 19.Nxg6 hxg6 20.Be5 c5 21.bxc6 Nxc6 22.Bf4 Bc5
23.Rb3 Ra2 24.Qb1 Ra7 25.h3 b6 26.g4 Re8 27.Re1 Rae7 28.Rxe7 Rxe7 29.Qd1 Qe8
30.Rb1 Kh7 31.Ne1 Nb4 32.Bd2  1/2-1/2

[Event "III Perla Baltyku A"]
[Site "Mielno POL"]
[Date "2007.06.25"]
[Round "9"]
[White "Sokolowski,Ry"]
[Black "Birjukov,S"]
[Result "0-1"]
[WhiteElo "2089"]
[BlackElo "2273"]

1.c4 e6 2.Nf3 d5 3.g3 Nf6 4.Bg2 Be7 5.O-O O-O 6.b3 Nbd7 7.Bb2 c6 8.Qc2 b6
9.d3 Bb7 10.Nbd2 Rc8 11.e4 Qc7 12.e5 Ng4 13.Rae1 h5 14.Re2 Rfd8 15.Rd1 g6
16.Nf1 c5 17.h3 Nh6 18.cxd5 Bxd5 19.Qd2 Qb7 20.Ne1 Bxg2 21.Nxg2 Bf8 22.Nfe3 Bg7
23.f4 Nb8 24.Rf2 b5 25.Rc1 Bf8 26.g4 hxg4 27.hxg4 Nc6 28.f5 Nb4 29.Ne1 c4
30.fxg6 Nxd3 31.g5 Nxf2 32.Qxf2 Nf5 33.Nxf5 exf5 34.gxf7+ Qxf7 35.Kf1 Qh7
36.Qg2 Bc5 37.Rc3 Bd4 38.Rh3 Qg7 39.Bxd4 Rxd4 40.Nf3 Rd1+ 41.Ke2 Qd7 42.Rh6 Ra1
43.Rd6 Qb7 44.Rg6+ Kf8 45.Rf6+ Ke7 46.Qh3 Qe4+ 47.Kf2 Rxa2+ 48.Kg3 Qg4+ 49.Qxg4 fxg4
50.Kxg4 cxb3 51.g6 Rg2+  0-1

[Event "Open"]
[Site "Pula CRO"]
[Date "2007.06.27"]
[Round "6"]
[White "Franciskovic,B"]
[Black "Lanzani,M"]
[Result "1/2-1/2"]
[WhiteElo "2227"]
[BlackElo "2336"]

1.c4 e6 2.Nf3 d5 3.g3 Nf6 4.Bg2 Be7 5.O-O O-O 6.d4 Nbd7 7.Qc2 c6 8.b3 b6
9.Rd1 Ba6 10.Nbd2 c5 11.e4 dxc4 12.Nxc4 cxd4 13.Nxd4 Rc8 14.e5 Nd5 15.Qb2 Bxc4
16.bxc4 Rxc4 17.Bxd5 exd5 18.Nf5 Rb4 19.Qc2 Rc4 20.Qb2 Rb4  1/2-1/2

[Event "ch-NED w"]
[Site "Hilversum NED"]
[Date "2007.06.28"]
[Round "9"]
[White "Otten,C"]
[Black "Middelveld,M"]
[Result "1/2-1/2"]
[WhiteElo "2038"]
[BlackElo "2019"]

1.c4 e6 2.Nf3 d5 3.g3 c5 4.cxd5 exd5 5.d4 Nc6 6.Bg2 Nf6 7.O-O Be7 8.Nbd2 c4
9.b3 cxb3 10.Nxb3 Bf5 11.Nh4 Bg4 12.h3 Be6 13.Nc5 Qb6 14.Be3 Bxc5 15.dxc5 Qa6
16.Nf3 O-O 17.Nd4 Ne5 18.Nb3 Ne4 19.Bd4 Nc6 20.Bb2 Rad8 21.Kh2 f6 22.h4 b6
23.cxb6 Qxb6 24.Nd4 Nxd4 25.Bxd4 Qa6 26.Bf3 Bf7 27.Bg4 Rfe8 28.Qc2 Nd6 29.Rfc1 Nc4
30.e3 Bg6 31.Bf5 Bxf5 32.Qxf5 Re7 33.h5 Rf7 34.Rc3 h6 35.a3 Qb7 36.Rac1 Qd7
37.Qf3 f5 38.Rd3 Qe6 39.Rcd1 Rfd7 40.Qe2 Qf7 41.Rg1 Re8 42.f4 Qe7 43.Kh3 Qe4
44.Qf1 Ree7 45.g4 fxg4+ 46.Rxg4 Qf5 47.Kh4 Ne5 48.Bxe5 Rxe5 49.Kg3 Re4 50.Qf3 d4
51.exd4 Rexd4 52.Qa8+ Kh7 53.Rxd4 Rxd4 54.Qc6 Qd3+ 55.Kh4 Rd6 56.Qc7 Rd7
57.Qe5 Qc2 58.Rg3 Qh2+ 59.Kg4 Qc2 60.Kh3 Qb1 61.Qe8 Qf5+ 62.Kg2 Rd2+ 63.Kf3 Rd3+
64.Kg2 Qd5+ 65.Kh3 Qh1+ 66.Kg4 Rxg3+ 67.Kxg3 Qg1+ 68.Kh3 Qf1+ 69.Kg4 Qg2+
70.Kf5 Qc2+ 71.Qe4 Qxe4+ 72.Kxe4 g6 73.Kf3 gxh5 74.Kg3 Kg6 75.Kh4 a6 76.a4 a5
77.f5+ Kxf5 78.Kxh5 Ke5 79.Kxh6 Kd5 80.Kg5 Kc4 81.Kf4 Kb4 82.Ke3 Kxa4 83.Kd2 Kb3
84.Kc1 a4 85.Kb1  1/2-1/2

[Event "White Nights"]
[Site "St Petersburg RUS"]
[Date "2007.06.30"]
[Round "6"]
[White "Vunder,Y"]
[Black "Davydov,An"]
[Result "0-1"]
[WhiteElo "2242"]
[BlackElo "2366"]

1.Nf3 e6 2.c4 d5 3.d4 Nf6 4.Nc3 dxc4 5.e3 c5 6.Bxc4 a6 7.a4 Nbd7 8.O-O cxd4
9.exd4 Be7 10.Bg5 O-O 11.Re1 Nb6 12.Bb3 Bd7 13.a5 Nc8 14.Ne5 Bc6 15.Bxf6 Bxf6
16.d5 exd5 17.Bxd5 Bxe5 18.Rxe5 Ne7 19.Bxc6 Nxc6 20.Rd5 Qe7 21.Rd2 Rad8 22.Nd5 Qe6
23.Ra3 Kh8 24.Re3 Qf5 25.b4 Rd7 26.Red3 Rfd8 27.h3 h6 28.Qg4 Qxg4 29.hxg4 Ne5
30.Rd4 Nxg4 31.Rxg4 Rxd5 32.Rc2 R8d7 33.Rcc4 g6 34.g3 Kg7 35.Rgf4 g5 36.Rfe4 Rd2
37.Re5 Rb2 38.g4 Kg6 39.Re3 Rdd2 40.Rf3 Rb1+ 41.Kg2 Rdb2 42.Rc7 Rxb4 43.Rfxf7 Rxg4+
44.Kf3 Ra4 45.Rg7+ Kh5 46.Rc5 Rb2 47.Rc1 Rb3+ 48.Kg2 Rg4+ 49.Kh2 Kh4  0-1

[Event "ch-IRL"]
[Site "Dublin IRL"]
[Date "2007.07.01"]
[Round "2"]
[White "Daly,C"]
[Black "Cafolla,P"]
[Result "1-0"]
[WhiteElo "2353"]
[BlackElo "2034"]

1.c4 e6 2.Nf3 d5 3.b3 Nf6 4.Bb2 c5 5.cxd5 exd5 6.g3 Nc6 7.Bg2 Be7 8.O-O O-O
9.d4 Re8 10.Nc3 Bg4 11.Rc1 Bxf3 12.Bxf3 Nxd4 13.Bg2 Qa5 14.e3 Nc6 15.Nxd5 Nxd5
16.Bxd5 Qxa2 17.Bc3 Qa6 18.Qh5 Nd8 19.Qe5 Qh6 20.Rfd1 Rc8 21.Ba1 Nc6 22.Bxc6 Rxc6
23.Qxe7  1-0

[Event "ch-IRL"]
[Site "Dublin IRL"]
[Date "2007.07.03"]
[Round "4"]
[White "Twomey,P"]
[Black "Cafolla,P"]
[Result "0-1"]
[WhiteElo "1894"]
[BlackElo "2034"]

1.c4 e6 2.Nf3 d5 3.b3 Nf6 4.Bb2 c5 5.e3 Nc6 6.cxd5 exd5 7.d4 Be7 8.Nbd2 O-O
9.Rc1 Ne4 10.Be2 cxd4 11.Nxd4 Bb4 12.Nf3 d4 13.exd4 Nxd2 14.Nxd2 Qg5 15.a3 Qxg2
16.Rf1 Bd6 17.Nf3 Re8 18.Rc3 Bxh2 19.Nxh2 Qxh2 20.Rg3 Bf5 21.Qd2 Qh4 22.Kd1 Rad8
23.Kc1 Nxd4 24.Rxg7+ Kxg7 25.Bb5 Rc8+ 26.Kd1 Bc2+ 27.Kc1 Bd3+ 28.Bc4 Bxf1
29.Bxd4+ Kg8 30.Qb4  0-1

[Event "Ladoga Summer"]
[Site "Novaya Ladoga RUS"]
[Date "2007.07.05"]
[Round "1"]
[White "Sedov,Alek2"]
[Black "Smirnov,Vl2"]
[Result "0-1"]
[WhiteElo "2260"]
[BlackElo "2251"]

1.c4 e6 2.Nf3 d5 3.g3 dxc4 4.Qa4+ Bd7 5.Qxc4 Bc6 6.Bg2 Nf6 7.O-O Nbd7 8.d3 Be7
9.Nbd2 O-O 10.Qc2 Nb6 11.a3 a5 12.b3 Nfd7 13.Bb2 Bf6 14.d4 Rc8 15.Rfd1 Bxf3
16.Bxf3 c5 17.Bxb7 Rc7 18.dxc5 Rxc5 19.Qb1 Bxb2 20.Qxb2 Qc7 21.Be4 Rc8 22.Nf3 Nf6
23.Bd3 Nfd5 24.b4 axb4 25.axb4 Rc3 26.Nd4 Nc4 27.Qb1 Qb6 28.b5 g6 29.Nc6 Na3
30.Qb2 Nxb5 31.e4 R3xc6 32.exd5 Nc3 33.Qxb6 Rxb6 34.dxe6 Nxd1 35.Rxd1  0-1

[Event "Kaupthing Open"]
[Site "Differdange LUX"]
[Date "2007.07.07"]
[Round "1"]
[White "Steingrimsson,H"]
[Black "Bishop,Peter"]
[Result "1-0"]
[WhiteElo "2470"]
[BlackElo "1853"]

1.Nf3 e6 2.c4 d5 3.g3 d4 4.Bg2 Nf6 5.O-O Be7 6.b4 c6 7.Bb2 d3 8.a3 dxe2 9.Qxe2 Nbd7
10.Nc3 Nf8 11.d4 Ng6 12.Rfd1 O-O 13.Rac1 Re8 14.Ne5 Bd7 15.h4 h5 16.Nxg6 fxg6
17.Ne4 Rf8 18.Ng5 Qc8 19.d5 Ng4 20.dxe6 Be8 21.f3 Nh6 22.g4 Qc7 23.Be5 Qb6+
24.c5 Qb5 25.Qxb5 cxb5 26.Bd6 Bf6 27.e7 Rf7 28.Nxf7 Nxf7 29.g5 Bb2 30.Rb1 Be5
31.Bxe5  1-0

[Event "Open A"]
[Site "Oberwart AUT"]
[Date "2007.07.07"]
[Round "1"]
[White "Ghaem Maghami,E"]
[Black "Pirker,G"]
[Result "1-0"]
[WhiteElo "2610"]
[BlackElo "2125"]

1.c4 e6 2.Nf3 d5 3.g3 Nf6 4.Bg2 Be7 5.O-O O-O 6.d4 b6 7.cxd5 exd5 8.Nc3 Bb7
9.Bf4 Re8 10.Rc1 Na6 11.Ne5 c5 12.dxc5 Nxc5 13.Nb5 Nh5 14.Be3 Bf6 15.Nd3 Qd7
16.Nxc5 bxc5 17.Rxc5 Rxe3 18.fxe3 Qe7 19.Rc7 Qxe3+ 20.Rf2 Ba6 21.Qxd5 Rd8
22.Qxh5 Bxb5 23.Qxb5 Bd4 24.Rxf7  1-0

[Event "ch-SCO"]
[Site "Cumbernauld SCO"]
[Date "2007.07.10"]
[Round "4"]
[White "McNab,C"]
[Black "Muir,A"]
[Result "1/2-1/2"]
[WhiteElo "2418"]
[BlackElo "2350"]

1.c4 e6 2.Nf3 d5 3.b3 d4 4.e3 Nc6 5.exd4 Nxd4 6.Bb2 Bc5 7.b4 Qf6 8.bxc5 Nxf3+
9.Qxf3 Qxb2 10.Qc3 Qxc3 11.Nxc3 b6 12.Nb5 Kd8 13.Be2 Bb7 14.cxb6 axb6 15.O-O Nf6
16.Rfc1 Kd7 17.d4 Rhc8 18.a4 Bc6 19.h4 Ra5 20.g4 h6 21.d5 Bxb5 22.dxe6+ fxe6
23.cxb5 Nd5 24.Rc4 c5 25.bxc6+ Rxc6 26.Rxc6 Kxc6 27.Bb5+ Kd6 28.Rc1 Ra7 29.Kg2 Rc7
30.Rd1  1/2-1/2

[Event "Kaupthing Open"]
[Site "Differdange LUX"]
[Date "2007.07.13"]
[Round "8"]
[White "Christen,Pi"]
[Black "Struk,J"]
[Result "0-1"]
[WhiteElo "2060"]
[BlackElo "2240"]

1.c4 e6 2.Nf3 d5 3.g3 Nf6 4.Bg2 Be7 5.O-O O-O 6.b3 b6 7.Bb2 Bb7 8.e3 c5 9.Nc3 dxc4
10.bxc4 Nc6 11.Qe2 Rc8 12.Rfd1 Rc7 13.d3 Rd7 14.Rd2 Qa8 15.Rad1 Rfd8 16.Ne1 a6
17.Ba1 Na5 18.f4 Bxg2 19.Nxg2 Qc6 20.Rb2 Ne8 21.Ne1 Bf6 22.Rbb1 b5 23.cxb5 axb5
24.Nf3 b4 25.Ne4 Bxa1 26.Rxa1 f6 27.Rac1 c4 28.Nd4 cxd3 29.Nxc6 dxe2 30.Rxd7 Rxd7
31.Nd4 b3 32.Kf2 b2 33.Rb1 Nc4 34.Kxe2 e5 35.fxe5 fxe5 36.Nb3 Nc7 37.Ned2 Nb5
38.Nxc4 Nc3+ 39.Kf3 Nxb1 40.Nxb2 Nc3 41.Nc1 Ra7 42.h4 Nxa2 43.Nxa2 Rxa2 44.Nc4 Kf7
45.Nxe5+ Ke6 46.Nd3 g6 47.Nf4+ Kf5 48.g4+ Ke5 49.Nd3+ Kf6 50.Nf2 Ra4 51.Ne4+ Ke5
52.Ng5 h5 53.gxh5 gxh5 54.Kf2 Kf5 55.Kg3 Rg4+ 56.Kh3 Ke5 57.Nf3+ Ke4 58.Nh2 Rg1  0-1

[Event "Sun Pawn Open"]
[Site "Ilichevsk UKR"]
[Date "2007.07.23"]
[Round "4"]
[White "Goroshkova,L"]
[Black "Mulenko,A"]
[Result "0-1"]
[WhiteElo "1984"]
[BlackElo "2166"]

1.c4 e6 2.Nf3 d5 3.d4 c6 4.Nc3 dxc4 5.e3 b5 6.a4 Bb4 7.Bd2 Qe7 8.Ne5 Bb7
9.Ne4 Nf6 10.Ng5 O-O 11.Qc2 h6 12.Ngf3 Nbd7 13.b3 cxb3 14.Qxb3 Bxd2+ 15.Nxd2 a6
16.Rc1 Nxe5 17.dxe5 Nd7 18.f4 Nc5 19.Qc2 Nxa4 20.Bd3 Rfd8 21.O-O c5 22.Bh7+ Kh8
23.Ne4 Bxe4 24.Bxe4 Rac8 25.Qe2 f5 26.exf6 Qxf6 27.Qh5 c4 28.f5 Rc5 29.Rcd1 Rf8
30.Qh3 Nc3 31.fxe6 Ne2+  0-1

[Event "94th ch-GBR"]
[Site "Great Yarmouth ENG"]
[Date "2007.08.03"]
[Round "5"]
[White "Kosten,A"]
[Black "Flear,G"]
[Result "1/2-1/2"]
[WhiteElo "2508"]
[BlackElo "2479"]

1.c4 e6 2.Nf3 d5 3.b3 Be7 4.Bb2 Bf6 5.Nc3 dxc4 6.bxc4 c5 7.g3 b6 8.Bg2 Bb7
9.O-O Ne7 10.e3 Nbc6 11.Qe2 O-O 12.Rfd1 Qc8 13.Rac1 Rd8 14.d3 Nf5 15.Nd2  1/2-1/2

[Event "US Open"]
[Site "Cherry Hill USA"]
[Date "2007.08.05"]
[Round "9"]
[White "Mulyar,M"]
[Black "Calton,B"]
[Result "1-0"]
[WhiteElo "2373"]
[BlackElo "2215"]

1.c4 e6 2.Nf3 d5 3.g3 c5 4.cxd5 exd5 5.d4 Nc6 6.Bg2 Nf6 7.O-O Be7 8.dxc5 Bxc5
9.Bg5 O-O 10.Nc3 d4 11.Bxf6 Qxf6 12.Nd5 Qd8 13.Nd2 Bg4 14.Nb3 Bb6 15.Re1 Ba5
16.Nxa5 Qxa5 17.a3 Rae8 18.b4 Qd8 19.b5 Na5 20.Qxd4 Bxe2 21.Qb4 b6 22.Rac1 Re5
23.Nf4 Rfe8 24.Bh3 Rxb5 25.Qa4 Bc4 26.Red1 Qe7 27.Rxc4  1-0

[Event "Open"]
[Site "Olomouc CZE"]
[Date "2007.08.05"]
[Round "4"]
[White "Aguettaz,M"]
[Black "Vrana,J"]
[Result "1-0"]
[WhiteElo "2356"]
[BlackElo "2271"]

1.c4 e6 2.Nf3 d5 3.d4 Nf6 4.Nc3 Be7 5.Bg5 O-O 6.e3 h6 7.Bh4 b6 8.cxd5 exd5
9.Bd3 Bb7 10.O-O Nbd7 11.Rc1 c5 12.Bb1 Rc8 13.Ne5 Nxe5 14.dxe5 Nd7 15.Qd3 g6
16.Bg3 c4 17.Qe2 Nc5 18.Rcd1 Ne6 19.Nb5 Rc5 20.Nd4 Qc8 21.f4 Ba6 22.f5 c3
23.Bd3 Nxd4 24.exd4 Bxd3 25.Rxd3 Rc6 26.f6 Bd8 27.Qe3 Kh7 28.Rxc3 Rxc3 29.Qxc3 Qxc3
30.bxc3 Re8 31.Rb1 a6 32.a4 g5 33.Kf2 Kg6 34.Ke3 Re6 35.c4 dxc4 36.d5 Re8
37.Kd4 b5 38.axb5 Bb6+ 39.Kxc4 Rc8+ 40.Kd3 a5 41.Rf1 Rc5 42.d6 Rxb5 43.e6 Rd5+
44.Ke4 Rd4+ 45.Ke5  1-0

[Event "Scandinavian Chess Tournament"]
[Site "Taby SWE"]
[Date "2007.08.05"]
[Round "3"]
[White "Karlsson,L"]
[Black "Poley,V"]
[Result "1-0"]
[WhiteElo "2493"]
[BlackElo "2326"]

1.c4 e6 2.Nf3 d5 3.b3 Nf6 4.Bb2 c5 5.e3 Nc6 6.cxd5 exd5 7.Bb5 Bd7 8.O-O Bd6
9.d4 cxd4 10.Nxd4 O-O 11.Nd2 Re8 12.Nxc6 bxc6 13.Bd3 Bxh2+ 14.Kxh2 Ng4+ 15.Kg1 Qh4
16.Nf3 Qh5 17.Qc2 Re6 18.Bxh7+ Kh8 19.Qf5 Qh6 20.Qxg4 Qxh7 21.Ng5 Rg6 22.Nxf7+ Kg8
23.Qxd7 Rf8 24.Nd6 Qh5 25.f3 Qg5 26.Rf2 Rxf3 27.Qe8+ Kh7 28.Qxg6+ Qxg6 29.Rxf3 Qxd6
30.Raf1 c5 31.Rf4 Qe6 32.R1f3 d4 33.exd4 Qe1+ 34.Kh2 Qe2 35.Rf2 Qh5+ 36.Kg1 Qd1+
37.Kh2 Qh5+ 38.Kg3 Qg5+ 39.Kh3 cxd4 40.Bxd4 Qd5  1-0

[Event "Open"]
[Site "Dubna RUS"]
[Date "2007.08.06"]
[Round "5"]
[White "Orlinkov,M"]
[Black "Lebedev,Alexande1"]
[Result "1/2-1/2"]
[WhiteElo "2388"]
[BlackElo "2266"]

1.c4 e6 2.Nf3 d5 3.g3 Nf6 4.Bg2 Be7 5.O-O O-O 6.b3 b6 7.Bb2 Bb7 8.e3 Nbd7
9.Nc3 Rc8 10.d3 c5 11.Qe2 Qc7 12.e4 d4 13.Nb1 Ne8 14.Nbd2 e5 15.h4 a6 16.Nh2 b5
17.h5 bxc4 18.Nxc4 Nd6 19.Nxd6 Qxd6 20.Bc1 f5 21.exf5 Bxg2 22.Kxg2 Rxf5 23.h6 g6
24.Ng4 Rcf8 25.f3 Qd5 26.Bd2  1/2-1/2

[Event "6th Int Open"]
[Site "Davos SUI"]
[Date "2007.08.07"]
[Round "2"]
[White "Hera,I"]
[Black "Curien,N"]
[Result "1-0"]
[WhiteElo "2526"]
[BlackElo "2254"]

1.c4 e6 2.Nf3 d5 3.d4 c6 4.e3 Nf6 5.Bd3 Nbd7 6.O-O Bd6 7.Nbd2 O-O 8.e4 e5
9.cxd5 cxd5 10.exd5 exd4 11.Ne4 Nxe4 12.Bxe4 Nc5 13.Bc2 d3 14.Bxd3 Nxd3 15.Qxd3 Qf6
16.Qd4 Qxd4 17.Nxd4 Bd7 18.Be3 Rfe8 19.Nb3 b6 20.Rac1 Be5 21.Nd4 f5 22.g3 g5
23.Nf3 Bxb2 24.Rc7 g4 25.Nh4 Bb5 26.Rd1 Be5 27.d6 Rf8 28.Rd5 f4 29.Rxb5 fxe3
30.Rxe5 exf2+ 31.Kf1  1-0

[Event "Open"]
[Site "Olomouc CZE"]
[Date "2007.08.07"]
[Round "7"]
[White "Aguettaz,M"]
[Black "Szoen,D"]
[Result "0-1"]
[WhiteElo "2356"]
[BlackElo "2452"]

1.c4 e6 2.Nf3 d5 3.d4 c6 4.cxd5 exd5 5.Nc3 Nf6 6.Bg5 Be7 7.e3 O-O 8.Bd3 Nbd7
9.O-O Re8 10.Qc2 Nf8 11.Rab1 Ng6 12.b4 Ne4 13.Bxe4 dxe4 14.Bxe7 Qxe7 15.Nd2 f5
16.Ne2 Be6 17.a4 Bd5 18.Nc4 b5 19.Na5 bxa4 20.Nxc6 Qe6 21.b5 a6 22.Ne5 Bb3
23.Qc6 axb5 24.Qxb5 Nxe5 25.dxe5 Bc4 26.Qb2 a3 27.Qd2 Red8 28.Nd4 Bxf1  0-1